Dynamite - Taio Cruz - All Lyrics - Statistics

General Stats
  • This quiz has been taken 112 times
  • The average score is 332 of 368
Answer Stats
Answer % Correct
all
100%
all,
100%
dynamite
100%
"Ayo,
99%
go"
99%
go
99%
I
99%
I,
99%
it
99%
the
99%
to
99%
we
99%
We
99%
my
98%
air
97%
and
97%
And
97%
f-
97%
let
97%
like
97%
on
97%
on,
97%
Sayin'
97%
so
97%
up
97%
yo'
97%
baby,
95%
in
95%
light
95%
yeah,
95%
yeah
95%
Yeah,
95%
you
95%
gon'
94%
hands,
94%
hands
94%
Hands,
94%
it's
94%
night
94%
twice
94%
wanna
94%
life
93%
me
93%
some
93%
sometimes
93%
this
93%
live
92%
once
92%
told
92%
'cause
91%
'Cause
91%
celebrate
91%
goes
91%
let's
91%
club
89%
throw
89%
came
88%
dance,
86%
dance
86%
I'm
86%
Now
83%
rock
82%
gonna
81%
put
80%
Put
80%
one
78%
be
77%
favorite
77%
Just
77%
just
77%
floor
76%
gotta
76%
want
76%
last
74%
do,
73%
do
73%
Give
72%
plans,
72%
plans
72%
that's
72%
standing
69%
move,
68%
move
68%
hit
67%
space
66%
wearing
65%
brands,
64%
brands
64%
take
60%
crew,
59%
crew
59%
Get
59%
for
57%
out
55%
here
51%
believe
50%
way
50%
both
49%
what
45%
of
44%
landing
43%
Higher
25%
overall,
23%
No matching quizzes found
Score Distribution
Percent of People with Each Score
Percentile by Number Answered
Your Score History
You have not taken this quiz